Stone Fruits - Sudden Death - Statistics

General Stats
  • This quiz has been taken 122 times
  • The average score is 6 of 12
Answers on the Grid
Answers color-coded by a green-red scale on the quiz's grid according to % correct below.
Plum
Cherry
Pluot
Mango
Apricot
Peach
Nectarine
Coconut
Olive
Date
Lychee
Plumcot
Apple
Pear
Banana
Guava
Papaya
Cranberry
Pomengranate
Grapefruit
Citron
Pomelo
Durian
Orange
 
Answer Stats
Answer % Correct
Cherry
77%
Plum
68%
Apricot
67%
Peach
65%
Olive
63%
Mango
50%
Date
48%
Nectarine
48%
Lychee
33%
Plumcot
25%
Pluot
20%
Coconut
5%
No matching quizzes found
Score Distribution
Percent of People with Each Score
Percentile by Number Answered
Your Score History
You have not taken this quiz